[Event "FIDE Olympiad Disabilties 2020"]
[Site "Online"]
[Date "2020.11.21"]
[Round "2.15"]
[White "Shankar, Pranav"]
[Black "Bernardo, Darry"]
[Result "0-1"]
[WhiteElo "1499"]
[BlackElo "2114"]
[Annotator "TA"]
[PlyCount "66"]
[EventDate "2020.11.21"]
[EventType "team-tourn"]
[EventCountry "NET"]
[SourceTitle "playchess.com"]
[Source "ChessBase"]
[SourceQuality "1"]
[WhiteTeam "United States"]
[BlackTeam "Philippines"]
[WhiteTeamCountry "USA"]
[BlackTeamCountry "PHI"]

1. d4 d5 2. c4 e5 3. dxe5 d4 4. Nf3 Nc6 5. g3 Bg4 6. Bg2 Qd7 7. O-O Nge7 8. e3 O-O-O 9. Qb3 Bh3 10. exd4 Bxg2 11. Kxg2 Nxd4 12. Nxd4 Qxd4 13. Be3 Qxe5 14. Nc3 Nc6 15. Rad1 Bb4 16. Bf4 Qf5 17. Nd5 Bd6 18. Ne3 Qe4+ 19. f3 Qe6 20. Bxd6 Rxd6 21. Rxd6 Qxd6 22. Qc3 Re8 23. Kf2 Qh6 24. Ng4 Qg5 25. b4 f5 26. h4 Qe7 27. Ne3 f4 28. gxf4 Qxh4+ 29. Kg2 Qxf4 30. Nd5 Qg5+ 31. Kf2 Qh4+ 32. Kg1 Qg3+ 33. Kh1 Re2 0-1

[Event "FIDE Olympiad Disabilties 2020"]
[Site "Online"]
[Date "2020.11.21"]
[Round "2.16"]
[White "Pakhomov, Alexey"]
[Black "Perez, Gilbert"]
[Result "1-0"]
[WhiteElo "2315"]
[BlackElo "1835"]
[Annotator "TA"]
[PlyCount "67"]
[EventDate "2020.11.21"]
[EventType "team-tourn"]
[EventCountry "NET"]
[SourceTitle "playchess.com"]
[Source "ChessBase"]
[SourceQuality "1"]
[WhiteTeam "Russia"]
[BlackTeam "Canada"]
[WhiteTeamCountry "RUS"]
[BlackTeamCountry "CAN"]

1. d4 Nf6 2. c4 c5 3. d5 b5 4. Nd2 bxc4 5. e4 d6 6. Bxc4 Nbd7 7. Ngf3 g6 8. b3 Bg7 9. Bb2 O-O 10. O-O Nb6 11. Qc2 Nxc4 12. Nxc4 Ba6 13. Rfe1 Rb8 14. Nfd2 Qd7 15. Rad1 Rfd8 16. Bc3 Qg4 17. h3 Qd7 18. Na5 Bb7 19. Nxb7 Rxb7 20. Nc4 Re8 21. f4 Bh6 22. Qf2 Rbb8 23. Qf3 Kf8 24. g4 Bg7 25. e5 Ng8 26. e6 fxe6 27. Bxg7+ Kxg7 28. Rxe6 Rf8 29. Rde1 Rf6 30. Qc3 Kf7 31. g5 Rf5 32. Qh8 Rxf4 33. Qxh7+ Kf8 34. Rxg6 1-0

[Event "FIDE Olympiad Disabilties 2020"]
[Site "Online"]
[Date "2020.11.21"]
[Round "2.16"]
[White "Song, Guannan Terry"]
[Black "Meshkov, Yuri A."]
[Result "1-0"]
[WhiteElo "2145"]
[BlackElo "2351"]
[Annotator "TA"]
[PlyCount "57"]
[EventDate "2020.11.21"]
[EventType "team-tourn"]
[EventCountry "NET"]
[SourceTitle "playchess.com"]
[Source "ChessBase"]
[SourceQuality "1"]
[WhiteTeam "Canada"]
[BlackTeam "Russia"]
[WhiteTeamCountry "CAN"]
[BlackTeamCountry "RUS"]

1. d4 Nf6 2. Bg5 d5 3. Bxf6 gxf6 4. c4 c6 5. Nc3 e6 6. Nf3 dxc4 7. a4 Bb4 8. e4 b5 9. Be2 Bb7 10. O-O Bxc3 11. bxc3 Nd7 12. Rb1 Rb8 13. axb5 cxb5 14. d5 a6 15. dxe6 fxe6 16. Nd4 Nc5 17. Bxc4 bxc4 18. Qh5+ Ke7 19. Rxb7+ Nxb7 20. Nc6+ Kd6 21. Nxd8 Rbxd8 22. Qf7 Nc5 23. Qxf6 Kc6 24. e5 a5 25. f4 Rhg8 26. f5 Rd2 27. g3 Re8 28. Qh6 Re2 29. f6 1-0

[Event "FIDE Olympiad Disabilties 2020"]
[Site "Online"]
[Date "2020.11.21"]
[Round "2.16"]
[White "Ermakov, Maksim"]
[Black "Lambert, Pierre-Henry"]
[Result "1-0"]
[WhiteElo "1611"]
[BlackElo "1819"]
[Annotator "NA"]
[PlyCount "47"]
[EventDate "2020.11.21"]
[EventType "team-tourn"]
[EventCountry "NET"]
[SourceTitle "playchess.com"]
[Source "ChessBase"]
[SourceQuality "1"]
[WhiteTeam "Russia"]
[BlackTeam "Belgium"]
[WhiteTeamCountry "RUS"]
[BlackTeamCountry "BEL"]

1. d4 d5 2. Nf3 e6 3. e3 Nf6 4. Bd3 c6 5. Nbd2 Bd6 6. c4 O-O 7. O-O Nbd7 8. e4 dxe4 9. Nxe4 Nxe4 10. Bxe4 Nf6 11. Bc2 Qc7 12. Bg5 Ng4 13. h3 Nf6 14. Qd3 Re8 15. Bxf6 gxf6 16. Qxh7+ Kf8 17. c5 Bf4 18. Qh8+ Ke7 19. Qh4 Bd7 20. g3 Rg8 21. Kh2 Bg5 22. Nxg5 fxg5 23. Qh6 Rg6 24. Bxg6 1-0

[Event "FIDE Olympiad Disabilties 2020"]
[Site "Online"]
[Date "2020.11.21"]
[Round "2.18"]
[White "Soltanov, Serik"]
[Black "Gora, Tapiwa"]
[Result "1-0"]
[WhiteElo "2266"]
[BlackElo "1929"]
[Annotator "TA"]
[PlyCount "87"]
[EventDate "2020.11.21"]
[EventType "team-tourn"]
[EventCountry "NET"]
[SourceTitle "playchess.com"]
[Source "ChessBase"]
[SourceQuality "1"]
[WhiteTeam "Kazakhstan"]
[BlackTeam "Zimbabwe"]
[WhiteTeamCountry "KAZ"]
[BlackTeamCountry "ZIM"]

1. d4 Nf6 2. c4 c5 3. d5 b5 4. cxb5 a6 5. bxa6 Bxa6 6. Nc3 d6 7. e4 Bxf1 8. Kxf1 g6 9. Nf3 Bg7 10. g3 O-O 11. Kg2 Nbd7 12. Re1 Ng4 13. Re2 Nge5 14. Nxe5 Nxe5 15. Rc2 Qa5 16. Qe2 Qa6 17. Qxa6 Rxa6 18. b3 Nd3 19. Bd2 Nb4 20. Rcc1 Rfa8 21. a4 Nd3 22. Rcb1 Rb6 23. Ra3 Bd4 24. f3 f5 25. a5 Rb7 26. Ra4 Ra6 27. Ne2 Bf6 28. Nf4 Nb2 29. Ra2 Nc4 30. Be1 Ne3+ 31. Kf2 Nc4 32. Ke2 Kf7 33. b4 Rxa5 34. bxa5 Rxb1 35. a6 Rb2+ 36. Rxb2 Bxb2 37. Ba5 Nxa5 38. a7 Nb3 39. a8=Q Nd4+ 40. Kf2 fxe4 41. fxe4 g5 42. Ne6 Nxe6 43. dxe6+ Kxe6 44. Qa2+ 1-0

[Event "FIDE Olympiad Disabilties 2020"]
[Site "Online"]
[Date "2020.11.21"]
[Round "2.18"]
[White "CHIKAFU, ONAI"]
[Black "Kozhabekov, Adilkhan"]
[Result "0-1"]
[WhiteElo "1494"]
[BlackElo "2080"]
[Annotator "TA"]
[PlyCount "92"]
[EventDate "2020.11.21"]
[EventType "team-tourn"]
[EventCountry "NET"]
[SourceTitle "playchess.com"]
[Source "ChessBase"]
[SourceQuality "1"]
[WhiteTeam "Zimbabwe"]
[BlackTeam "Kazakhstan"]
[WhiteTeamCountry "ZIM"]
[BlackTeamCountry "KAZ"]

1. e4 c5 2. Nf3 d6 3. Bc4 e6 4. c3 a6 5. d3 Be7 6. Nbd2 Nf6 7. Nf1 O-O 8. Ng3 d5 9. exd5 exd5 10. Bb3 Nc6 11. h3 h6 12. O-O Be6 13. Re1 Bd6 14. d4 Qc7 15. Nf1 b6 16. Bc2 Rfe8 17. Nh4 cxd4 18. cxd4 Nxd4 19. Bb1 Nc6 20. Qf3 Ne5 21. Qd1 Rac8 22. Nf5 Bb4 23. Nd2 Qxc1 24. Qxc1 Rxc1 25. Rxc1 Bxd2 26. Rd1 Bxf5 27. Bxf5 Bb4 28. a3 Bc5 29. b4 Bd6 30. Rac1 g6 31. Bb1 a5 32. Rd4 axb4 33. axb4 Ra8 34. f4 Ned7 35. Rc6 Bf8 36. Bc2 Ra3 37. Kh2 Kg7 38. g4 Ra2 39. Kg3 Rb2 40. g5 hxg5 41. fxg5 Nh5+ 42. Kg4 Ne5+ 43. Kh4 Nxc6 44. Rd3 Rxb4+ 45. Rd4 Rxd4+ 46. Be4 Rxe4# 0-1

[Event "FIDE Olympiad Disabilties 2020"]
[Site "Online"]
[Date "2020.11.21"]
[Round "2.19"]
[White "Suaza, Yesid"]
[Black "Johari, Mohd Johar"]
[Result "1-0"]
[WhiteElo "1836"]
[BlackElo "1241"]
[Annotator "NA"]
[PlyCount "45"]
[EventDate "2020.11.21"]
[EventType "team-tourn"]
[EventCountry "NET"]
[SourceTitle "playchess.com"]
[Source "ChessBase"]
[SourceQuality "1"]
[WhiteTeam "Colombia"]
[BlackTeam "Malaysia"]
[WhiteTeamCountry "COL"]
[BlackTeamCountry "MAS"]

1. d4 e5 2. dxe5 Nc6 3. Nf3 Qe7 4. Nc3 Nxe5 5. e4 Nf6 6. Bg5 Nxf3+ 7. Qxf3 c6 8. O-O-O Qe5 9. Bf4 Qe6 10. e5 Ng8 11. Bd3 Bb4 12. Ne4 Qxa2 13. c3 Qa1+ 14. Kc2 Qa4+ 15. Kb1 Be7 16. Rhe1 b5 17. Nd6+ Kf8 18. Bc2 Qa5 19. Bg5 Bxd6 20. exd6 b4 21. Qe3 g6 22. Bh6+ Nxh6 23. Qxh6+ 1-0

[Event "FIDE Olympiad Disabilties 2020"]
[Site "Online"]
[Date "2020.11.21"]
[Round "2.19"]
[White "Rosales, Jhon Mike"]
[Black "Amiruddin Amirul, Iman"]
[Result "1-0"]
[WhiteElo "1690"]
[BlackElo "875"]
[Annotator "NA"]
[PlyCount "91"]
[EventDate "2020.11.21"]
[EventType "team-tourn"]
[EventCountry "NET"]
[SourceTitle "playchess.com"]
[Source "ChessBase"]
[SourceQuality "1"]
[WhiteTeam "Colombia"]
[WhiteTeamCountry "COL"]

1. e4 d5 2. exd5 Qxd5 3. Nc3 Qa5 4. d4 c6 5. g3 Bf5 6. Bg2 e6 7. Nge2 Nf6 8. a3 Nbd7 9. Rb1 Be7 10. O-O O-O 11. b4 Qd8 12. b5 Rb8 13. bxc6 bxc6 14. Rxb8 Nxb8 15. Nf4 Nd5 16. Nce2 Bg5 17. c4 Nc3 18. Nxc3 Bxf4 19. Bxf4 Qa5 20. Ne4 Bxe4 21. Bxe4 Rd8 22. Bxb8 Rxb8 23. Bxc6 Qxa3 24. Qa1 Qe7 25. Rb1 Rc8 26. d5 exd5 27. Bxd5 Qc5 28. Rb7 Rf8 29. Qxa7 Qxa7 30. Rxa7 g6 31. f4 Kg7 32. Kf2 Kf6 33. Ke3 Re8+ 34. Kd4 Re7 35. Rxe7 Kxe7 36. Kc5 f6 37. Kc6 Kd8 38. Kb7 Kd7 39. c5 Kd8 40. Bg8 h6 41. c6 g5 42. f5 Ke7 43. c7 Kd6 44. c8=Q Ke5 45. Qc4 Kd6 46. Qc7# 1-0

[Event "FIDE Olympiad Disabilties 2020"]
[Site "Online"]
[Date "2020.11.21"]
[Round "2.19"]
[White "Cindy Yeo, Siaw Hui"]
[Black "Franco, Yolima"]
[Result "1/2-1/2"]
[WhiteElo "615"]
[BlackElo "1517"]
[Annotator "NA"]
[PlyCount "39"]
[EventDate "2020.11.21"]
[EventType "team-tourn"]
[EventCountry "NET"]
[SourceTitle "playchess.com"]
[Source "ChessBase"]
[SourceQuality "1"]
[BlackTeam "Colombia"]
[BlackTeamCountry "COL"]

1. d4 d5 2. Nf3 Nc6 3. e3 Nf6 4. Be2 Bf5 5. O-O e6 6. c4 Be7 7. Nbd2 O-O 8. Nh4 Re8 9. Nxf5 exf5 10. Bd3 Ne4 11. Nf3 Bf6 12. b3 Nb4 13. Ba3 Nxd3 14. Qxd3 c6 15. Rab1 Rb8 16. Rb2 Qc7 17. Rc2 a6 18. cxd5 c5 19. dxc5 Red8 20. d6 1/2-1/2

[Event "FIDE Olympiad Disabilties 2020"]
[Site "Online"]
[Date "2020.11.21"]
[Round "2.19"]
[White "Suharman Muhd, Adib Rusydan"]
[Black "Ortega Moran, Helmer Andres"]
[Result "1-0"]
[WhiteElo "488"]
[BlackElo "1762"]
[Annotator "NA"]
[PlyCount "113"]
[EventDate "2020.11.21"]
[EventType "team-tourn"]
[EventCountry "NET"]
[SourceTitle "playchess.com"]
[Source "ChessBase"]
[SourceQuality "1"]
[BlackTeam "Colombia"]
[BlackTeamCountry "COL"]

1. d4 Nf6 2. Nc3 d5 3. e3 Bf5 4. Nf3 e6 5. Bb5+ c6 6. Bd3 Bg6 7. O-O Bd6 8. g3 Qc7 9. Bxg6 hxg6 10. Re1 Nbd7 11. e4 dxe4 12. Nxe4 Nxe4 13. Rxe4 Nf6 14. Re1 O-O-O 15. Ng5 Rh5 16. Nxf7 Qxf7 17. Qf3 Rdh8 18. h4 Rf5 19. Qb3 Rxf2 20. Kxf2 Ng4+ 21. Ke2 Qf2+ 22. Kd1 Qxd4+ 23. Bd2 Bxg3 24. Qxg3 Qxb2 25. Rc1 Qd4 26. Rxe6 Rd8 27. Re2 Nf6 28. Qh3+ Kb8 29. Ke1 Ne4 30. Rd1 Qg1+ 31. Qf1 Qg3+ 32. Rf2 Re8 33. Bf4+ Qxf4 34. Rxf4 Ng3+ 35. Kf2 Nxf1 36. Rxf1 Rd8 37. Kg3 Rd5 38. Rf8+ Kc7 39. R8f7+ Kb6 40. Rxg7 Ra5 41. Rxg6 Rxa2 42. Rf2 a5 43. h5 Ra3+ 44. Rf3 Ra1 45. Kg4 a4 46. h6 a3 47. h7 Rh1 48. Rh3 Rg1+ 49. Kh5 a2 50. Rxg1 Ka6 51. h8=Q b5 52. Qa8+ Kb6 53. Ra1 b4 54. Rxa2 Kb5 55. Qa5+ Kc4 56. Rh4+ Kc3 57. Qxb4# 1-0

[Event "FIDE Olympiad Disabilties 2020"]
[Site "Online"]
[Date "2020.11.21"]
[Round "2.21"]
[White "Bruno, Alejandro P."]
[Black "Ashutosh Shukla"]
[Result "0-1"]
[WhiteElo "2294"]
[BlackElo "1509"]
[Annotator "TA"]
[PlyCount "64"]
[EventDate "2020.11.21"]
[EventType "team-tourn"]
[EventCountry "NET"]
[SourceTitle "playchess.com"]
[Source "ChessBase"]
[SourceQuality "1"]
[WhiteTeam "Argentina"]
[BlackTeam "India"]
[WhiteTeamCountry "ARG"]
[BlackTeamCountry "IND"]

1. d4 Nf6 2. Nf3 e6 3. Bf4 d5 4. e3 Bd6 5. Ne5 O-O 6. Bd3 c5 7. c3 Nc6 8. Nd2 Ne7 9. h3 b6 10. Bg3 Bb7 11. Rc1 Nf5 12. Bf4 Be7 13. Ndf3 Nd6 14. Nd2 Nde4 15. f3 Nd6 16. g4 h6 17. Bg3 Nh7 18. h4 Bf6 19. Qc2 g6 20. Nxg6 fxg6 21. Bxg6 Rf7 22. Bxf7+ Nxf7 23. Qg6+ Bg7 24. f4 Nf8 25. Qd3 Nd7 26. Nf3 Nf6 27. g5 Ne4 28. Rg1 Rc8 29. gxh6 Nxh6 30. Bh2 Nf5 31. Ne5 Qxh4+ 32. Kf1 Qf2# 0-1

[Event "FIDE Olympiad Disabilties 2020"]
[Site "Online"]
[Date "2020.11.21"]
[Round "2.21"]
[White "Venkat Kannan"]
[Black "Bonilla, Julio Cesar"]
[Result "1-0"]
[WhiteElo "2083"]
[BlackElo "1261"]
[Annotator "TA"]
[PlyCount "41"]
[EventDate "2020.11.21"]
[EventType "team-tourn"]
[EventCountry "NET"]
[SourceTitle "playchess.com"]
[Source "ChessBase"]
[SourceQuality "1"]
[WhiteTeam "India"]
[BlackTeam "Colombia"]
[WhiteTeamCountry "IND"]
[BlackTeamCountry "COL"]

1. e4 c5 2. Nc3 Nc6 3. f4 g6 4. Nf3 Bg7 5. Bb5 e6 6. Bxc6 bxc6 7. O-O Ne7 8. Qe1 O-O 9. d3 d5 10. Qh4 h5 11. g4 Qb6 12. Qxe7 c4+ 13. Kh1 Ba6 14. dxc4 hxg4 15. Ne5 Qd4 16. Nxg4 Bxc4 17. Be3 Rae8 18. Qh4 Bxf1 19. Bxd4 Bxd4 20. e5 Ba6 21. Nf6+ 1-0

[Event "FIDE Olympiad Disabilties 2020"]
[Site "Online"]
[Date "2020.11.21"]
[Round "2.21"]
[White "Funes Arroyo, Carlos Alberto"]
[Black "Watpade Vivek"]
[Result "0-1"]
[WhiteElo "1636"]
[BlackElo "1344"]
[Annotator "NA"]
[PlyCount "88"]
[EventDate "2020.11.21"]
[EventType "team-tourn"]
[EventCountry "NET"]
[SourceTitle "playchess.com"]
[Source "ChessBase"]
[SourceQuality "1"]
[WhiteTeam "Spain"]
[BlackTeam "India"]
[WhiteTeamCountry "ESP"]
[BlackTeamCountry "IND"]

1. c4 c5 2. e4 Nc6 3. Nf3 e6 4. d3 d5 5. cxd5 exd5 6. Nc3 dxe4 7. Nxe4 Be7 8. Be3 Nf6 9. Nxf6+ Bxf6 10. Be2 Bxb2 11. Rb1 Bc3+ 12. Bd2 Bxd2+ 13. Nxd2 O-O 14. O-O Rb8 15. Ne4 b6 16. Bf3 Nd4 17. Bg4 f5 18. Bxf5 Bxf5 19. Ng3 Bg6 20. Rb2 b5 21. a3 a5 22. Ne4 Bxe4 23. dxe4 Qf6 24. Qb1 c4 25. f3 c3 26. Rbf2 b4 27. Qa2+ b3 28. Qb1 a4 29. f4 Nb5 30. e5 Qf5 31. Qxf5 Rxf5 32. g4 Rff8 33. f5 Nxa3 34. f6 gxf6 35. exf6 b2 36. g5 b1=Q 37. h4 c2 38. f7+ Kg7 39. h5 Qxf1+ 40. Rxf1 Rb1 41. h6+ Kg6 42. Kg2 Rxf1 43. Kxf1 Rxf7+ 44. Ke2 c1=Q 0-1

[Event "FIDE Olympiad Disabilties 2020"]
[Site "Online"]
[Date "2020.11.21"]
[Round "2.22"]
[White "Sargissyan, Sargis"]
[Black "Talikadze, Leri"]
[Result "1/2-1/2"]
[WhiteElo "2269"]
[BlackElo "1162"]
[Annotator "TA"]
[PlyCount "115"]
[EventDate "2020.11.21"]
[EventType "team-tourn"]
[EventCountry "NET"]
[SourceTitle "playchess.com"]
[Source "ChessBase"]
[SourceQuality "1"]
[WhiteTeam "Armenia"]
[BlackTeam "Georgia"]
[WhiteTeamCountry "ARM"]
[BlackTeamCountry "GEO"]

1. e4 c5 2. Nc3 e6 3. Nf3 a6 4. d4 cxd4 5. Nxd4 Qc7 6. Bd3 Nf6 7. f4 d6 8. Qf3 Nbd7 9. g4 Nc5 10. g5 Nfd7 11. Be3 Nxd3+ 12. cxd3 Nc5 13. Qe2 Be7 14. Rc1 Qa5 15. a3 Qd8 16. b4 Nd7 17. O-O O-O 18. Qh5 e5 19. Nf5 exf4 20. Bxf4 Ne5 21. Nd5 Ng6 22. Be3 Be6 23. Bb6 Qe8 24. Nc7 Qa4 25. Nxa8 Rxa8 26. Bd4 Bf8 27. Rc3 a5 28. Qd1 Qb5 29. Qb1 d5 30. bxa5 Qxa5 31. Qb6 Qa4 32. Kh1 dxe4 33. dxe4 Qd7 34. Be3 Qa4 35. Qd4 Qb5 36. Qd3 Qb2 37. Qc2 Qb5 38. Qb1 Qa4 39. Qd3 Qa5 40. Kg1 Rd8 41. Qc2 Qe5 42. Bc5 Bxc5+ 43. Rxc5 Qb8 44. Qc3 Bxf5 45. exf5 Nf8 46. Rc1 Qf4 47. Qg3 Qd4+ 48. Qf2 Qg4+ 49. Qg2 Rd1+ 50. Rxd1 Qxd1+ 51. Qf1 Qd4+ 52. Qf2 Qg4+ 53. Kf1 Qd1+ 54. Kg2 Qg4+ 55. Kh1 Qd1+ 56. Kg2 Qg4+ 57. Kf1 Qd1+ 58. Kg2 1/2-1/2

[Event "FIDE Olympiad Disabilties 2020"]
[Site "Online"]
[Date "2020.11.21"]
[Round "2.22"]
[White "Melkonyan, Saro"]
[Black "Simbelov, Roman T."]
[Result "1-0"]
[WhiteElo "1506"]
[BlackElo "1715"]
[Annotator "NA"]
[PlyCount "63"]
[EventDate "2020.11.21"]
[EventType "team-tourn"]
[EventCountry "NET"]
[SourceTitle "playchess.com"]
[Source "ChessBase"]
[SourceQuality "1"]
[WhiteTeam "Armenia"]
[BlackTeam "Russia"]
[WhiteTeamCountry "ARM"]
[BlackTeamCountry "RUS"]

1. e4 e5 2. Nf3 Nc6 3. d4 d5 4. exd5 exd4 5. dxc6 bxc6 6. Qxd4 Qe7+ 7. Be2 Bf5 8. c4 Rd8 9. Qe5 Qxe5 10. Nxe5 Nf6 11. O-O Bc5 12. Bf3 O-O 13. Nc3 Bd3 14. Rd1 Rfe8 15. Rxd3 Rxd3 16. Nxd3 h5 17. Bf4 Bb6 18. c5 Ba5 19. b4 Nd5 20. Nxd5 cxd5 21. bxa5 d4 22. Bxc7 Re7 23. Bd6 Re6 24. Bd5 Re2 25. Re1 Rxe1+ 26. Nxe1 g5 27. c6 Kg7 28. c7 Kf6 29. c8=Q g4 30. Qh8+ Kg5 31. Qg7+ Kh4 32. Qf6# 1-0

[Event "FIDE Olympiad Disabilties 2020"]
[Site "Online"]
[Date "2020.11.21"]
[Round "2.23"]
[White "Cabrera Sosa, Marco Vinicio"]
[Black "Bolotov, Toktobek"]
[Result "0-1"]
[WhiteElo "1364"]
[BlackElo "1448"]
[Annotator "NA"]
[PlyCount "56"]
[EventDate "2020.11.21"]
[EventType "team-tourn"]
[EventCountry "NET"]
[SourceTitle "playchess.com"]
[Source "ChessBase"]
[SourceQuality "1"]
[WhiteTeam "Costa Rica"]
[BlackTeam "Kyrgyzstan"]
[WhiteTeamCountry "CRI"]
[BlackTeamCountry "KGZ"]

1. e4 d6 2. d4 Nf6 3. Bd3 g6 4. Nf3 Bg7 5. O-O O-O 6. c4 Nc6 7. d5 Nb8 8. Qc2 Nbd7 9. Bf4 Nc5 10. Nc3 Bg4 11. Nd2 Nh5 12. Be3 Nxd3 13. Qxd3 Bd7 14. f4 e5 15. dxe6 fxe6 16. Rad1 Qe7 17. g3 a6 18. Nf3 Rad8 19. Nh4 Bc6 20. f5 exf5 21. exf5 Bxc3 22. Qxc3 Qe4 23. Nf3 Rxf5 24. Rd4 Qe6 25. Bh6 Nf6 26. c5 Re8 27. Ng5 Rxf1+ 28. Kxf1 Qe2+ 0-1

[Event "FIDE Olympiad Disabilties 2020"]
[Site "Online"]
[Date "2020.11.21"]
[Round "2.23"]
[White "Telles, Rigoberto"]
[Black "Arstanbekov, Dzhanysh"]
[Result "0-1"]
[WhiteElo "1307"]
[BlackElo "1729"]
[Annotator "NA"]
[PlyCount "56"]
[EventDate "2020.11.21"]
[EventType "team-tourn"]
[EventCountry "NET"]
[SourceTitle "playchess.com"]
[Source "ChessBase"]
[SourceQuality "1"]
[WhiteTeam "Costa Rica"]
[BlackTeam "Kyrgyzstan"]
[WhiteTeamCountry "CRI"]
[BlackTeamCountry "KGZ"]

1. e4 c5 2. Nf3 d6 3. Bc4 e6 4. O-O Nf6 5. e5 dxe5 6. Nxe5 Nbd7 7. Bb5 Be7 8. d4 cxd4 9. Qxd4 a6 10. Bxd7+ Bxd7 11. Nc3 O-O 12. Nxd7 Qxd7 13. Be3 Qc6 14. Qh4 Nd5 15. Qe4 Bf6 16. Bd2 Nxc3 17. Qxc6 Ne2+ 18. Kh1 bxc6 19. c3 Rfd8 20. Be3 Rab8 21. Rab1 g5 22. Bxg5 Bxg5 23. Rfe1 Rd2 24. g3 Rbxb2 25. c4 Nd4 26. Kg2 Bf6 27. Rxb2 Rxb2 28. a4 Rb4 0-1

[Event "FIDE Olympiad Disabilties 2020"]
[Site "Online"]
[Date "2020.11.21"]
[Round "2.24"]
[White "Khishigbayar, Mijgee"]
[Black "Shahpalangov, Aydin"]
[Result "0-1"]
[WhiteElo "1847"]
[BlackElo "1945"]
[Annotator "NA"]
[PlyCount "150"]
[EventDate "2020.11.21"]
[EventType "team-tourn"]
[EventCountry "NET"]
[SourceTitle "playchess.com"]
[Source "ChessBase"]
[SourceQuality "1"]
[WhiteTeam "Mongolia"]
[BlackTeam "Azerbaijan"]
[WhiteTeamCountry "MGL"]
[BlackTeamCountry "AZE"]

1. d4 d5 2. c4 e6 3. Nc3 Nf6 4. Bg5 Be7 5. e3 a6 6. a4 O-O 7. Bd3 b6 8. Nge2 Bb7 9. O-O Nbd7 10. Rc1 c5 11. cxd5 exd5 12. Bb1 Re8 13. Qc2 Nf8 14. Rcd1 c4 15. f3 Rc8 16. Bxf6 Bxf6 17. e4 dxe4 18. fxe4 Bg5 19. Rf3 b5 20. axb5 axb5 21. Ng3 b4 22. Nce2 h5 23. d5 g6 24. Nd4 Nd7 25. Kh1 Ne5 26. Rff1 Bh6 27. Qf2 Rc7 28. h3 Qh4 29. Nf3 Qf4 30. Nxe5 Qxe5 31. Qf6 Qxf6 32. Rxf6 Bg7 33. Rf2 Be5 34. Nf1 Ba6 35. Ne3 Bb5 36. d6 Rd7 37. Rd5 Ba6 38. Rfd2 Bf4 39. Re2 Rxd6 40. Rxd6 Bxd6 41. Nd5 c3 42. Nf6+ Kf8 43. Nxe8 Kxe8 44. Rf2 Bc4 45. bxc3 bxc3 46. Bc2 Ke7 47. Rf3 Be5 48. g4 hxg4 49. hxg4 Be2 50. Rf2 Bxg4 51. Kg2 f6 52. Rf1 Kd6 53. Bd1 Bxd1 54. Rxd1+ Kc5 55. Kf3 Kc4 56. Ke3 c2 57. Rf1 Kc3 58. Ke2 Kb2 59. Kd2 c1=Q+ 60. Rxc1 Bf4+ 61. Kd3 Bxc1 62. Kd4 Kc2 63. e5 Bb2+ 64. Ke4 Bxe5 65. Kf3 f5 66. Ke3 g5 67. Kf3 Kd3 68. Kf2 g4 69. Kg2 Ke2 70. Kg1 Kf3 71. Kh1 g3 72. Kg1 Bd4+ 73. Kh1 g2+ 74. Kh2 g1=Q+ 75. Kh3 Qg3# 0-1

[Event "FIDE Olympiad Disabilties 2020"]
[Site "Online"]
[Date "2020.11.21"]
[Round "2.25"]
[White "Gungor, Gokhan R"]
[Black "Mendoza Lainez, Ricardo Jose"]
[Result "1-0"]
[WhiteElo "1579"]
[BlackElo "1137"]
[Annotator "NA"]
[PlyCount "41"]
[EventDate "2020.11.21"]
[EventType "team-tourn"]
[EventCountry "NET"]
[SourceTitle "playchess.com"]
[Source "ChessBase"]
[SourceQuality "1"]
[WhiteTeam "Turkey"]
[BlackTeam "Nicaragua"]
[WhiteTeamCountry "TUR"]
[BlackTeamCountry "NCA"]

1. e4 d5 2. exd5 Qxd5 3. Nc3 Qd8 4. d4 Nf6 5. Nf3 Bg4 6. Be2 Nc6 7. Be3 e6 8. O-O Bd6 9. Re1 O-O 10. Nb5 Bxf3 11. Bxf3 Bxh2+ 12. Kxh2 a6 13. Nc3 Qd6+ 14. g3 Ne7 15. Rh1 Ng6 16. Kg2 e5 17. dxe5 Qxe5 18. Qe2 Rad8 19. Rad1 Rde8 20. Bxb7 Qe7 21. Nd5 1-0

[Event "FIDE Olympiad Disabilties 2020"]
[Site "Online"]
[Date "2020.11.21"]
[Round "2.25"]
[White "Leyton Calderon, Jairo Oswaldo"]
[Black "Dal, Ibrahim"]
[Result "0-1"]
[WhiteElo "1526"]
[BlackElo "1626"]
[Annotator "NA"]
[PlyCount "44"]
[EventDate "2020.11.21"]
[EventType "team-tourn"]
[EventCountry "NET"]
[SourceTitle "playchess.com"]
[Source "ChessBase"]
[SourceQuality "1"]
[WhiteTeam "Nicaragua"]
[BlackTeam "Turkey"]
[WhiteTeamCountry "NCA"]
[BlackTeamCountry "TUR"]

1. Nf3 Nf6 2. b3 d5 3. Bb2 e6 4. e3 c5 5. Be2 Nc6 6. O-O Be7 7. d4 O-O 8. c4 cxd4 9. Nxd4 Nxd4 10. Qxd4 dxc4 11. Bxc4 Bd7 12. Nc3 Bc6 13. Rfd1 Qa5 14. Qd2 Qg5 15. g3 Rad8 16. Qe1 Bb4 17. a3 Ba5 18. b4 Bc7 19. Rxd8 Rxd8 20. Rd1 Qh5 21. Rxd8+ Bxd8 22. Bf1 Qf3 0-1

[Event "FIDE Olympiad Disabilties 2020"]
[Site "Online"]
[Date "2020.11.21"]
[Round "2.26"]
[White "Almulla, Mohammed A.r."]
[Black "Jacome, Esteban"]
[Result "0-1"]
[WhiteElo "2023"]
[BlackElo "1549"]
[Annotator "TA"]
[PlyCount "72"]
[EventDate "2020.11.21"]
[EventType "team-tourn"]
[EventCountry "NET"]
[SourceTitle "playchess.com"]
[Source "ChessBase"]
[SourceQuality "1"]
[WhiteTeam "United Arab Emirates"]
[BlackTeam "Ecuador"]
[WhiteTeamCountry "UAE"]
[BlackTeamCountry "ECU"]

1. e4 e6 2. Nf3 d5 3. Nc3 Nf6 4. d3 c5 5. Ne5 Nbd7 6. Bf4 Qb6 7. b3 Qa5 8. Qd2 Be7 9. d4 cxd4 10. Qxd4 Nxe4 11. Bd2 Nxd2 12. Kxd2 Nxe5 13. Qxe5 Bf6 14. Qe3 d4 15. Bb5+ Bd7 16. Qd3 Qxc3+ 17. Kd1 Qxa1+ 18. Kd2 Qc3+ 19. Kc1 Qxd3 20. Bxd3 Rc8 21. f4 Bc6 22. Rf1 Bxg2 23. Rg1 Bd5 24. Bb5+ Ke7 25. Rd1 Rc5 26. Bd3 Rhc8 27. b4 Rc3 28. Kd2 Bc4 29. Bxh7 g6 30. h4 Rh8 31. Bxg6 fxg6 32. Rc1 Rxh4 33. Ke1 Rh1+ 34. Kd2 Rh2+ 35. Kd1 Rg3 36. c3 Rg1# 0-1